| 000 | 01133cam a22003377a 4500 | ||
|---|---|---|---|
| 005 | 20260112063258.0 | ||
| 010 | _a2006-285054 | ||
| 015 |
_aGBA677909 _2 bnb |
||
| 016 |
_a013548882 _2 Uk |
||
| 020 | _a085404857X (cased) | ||
| 020 | _a9780854048571 | ||
| 035 | _a(OCoLC)ocm71346503 | ||
| 035 | _a14617575 | ||
| 039 | 9 |
_y 201006230535 _z staff |
|
| 050 |
_aQC176.8.N35 _bR63 2006 |
||
| 082 |
_a620.5 _2 22 |
||
| 100 |
_aRoduner, E. _q (Emil), _d 1947- |
||
| 245 |
_aNanoscopic materials : _bsize-dependent phenomena / _cEmil Roduner. |
||
| 260 |
_aCambridge : _bRSC Pub., _cc2006. |
||
| 300 |
_axii, 285 p. : _bill. (some col.) ; _c24 cm. |
||
| 440 | _aRSC nanoscience & nanotechnology | ||
| 504 | _aIncludes bibliographical references and index. | ||
| 650 | _aNanoscience. | ||
| 650 | _aNanotechnology. | ||
| 710 | _aRoyal Society of Chemistry (Great Britain) | ||
| 856 |
_Table of contents only _u http://www.loc.gov/catdir/toc/fy0704/2006285054.html |
||
| 906 |
_a7 _bcbc _ccopycat _d 2 _e ncip _f 20 _g y-gencatlg |
||
| 925 |
_aacquire _b2 shelf copies _x policy default |
||
| 991 | _aVIRTUA | ||
| 909 | _a3333 | ||
| 999 |
_c2963 _d2963 |
||